000 00627nam a22002297a 4500
003 UA-OsUOA
001 97423
007 ta
008 20130401b un ||||| |||| 00| 0 ukr d
100 _aНаседкин Ф.
090 _a821.161.1
_bН31
942 _cBK
040 _aUA-OsUOA
_brus
_cUA-OsUOA
_dUA-OsUOA
245 _aВеликие голодранцы
_bповесть
300 _a384 с.
955 _a3
041 _arus
080 _a821.161.1
260 _aМ.
_bСоветский писатель
_c1979
650 7 _a82 Література. Літературознавство
_2UDC
999 _c383668
_d383668